[Event "Titled Tuesday intern op 16th Apr Early"]
[Site "Chess.com INT"]
[Date "2024.04.16"]
[Round "3"]
[White "Karwowski, Kacper"]
[Black "Prohorov, Olexandr"]
[Result "1-0"]
[WhiteElo "2155"]
[BlackElo "2086"]
[PlyCount "73"]
[EventDate "2024.04.16"]
[EventType "swiss (blitz)"]
[EventRounds "11"]
[EventCountry "USA"]
[SourceTitle "CB17_2024"]
[SourceDate "2024.04.24"]
[SourceVersion "1"]
[SourceVersionDate "2024.04.24"]
[SourceQuality "1"]

1. e4 c5 2. d4 cxd4 3. c3 Nf6 4. e5 Nd5 5. Nf3 Nc6 6. cxd4 d6 7. Bc4 Nb6 8. Bxf7+ Kxf7 9. Ng5+ Ke8 10. e6 Qc7 11. d5 Nb4 12. Nc3 Qc4 13. Be3 N4xd5 14. Nxd5 Qxd5 15. Qe2 Bxe6 16. Rd1 Qe5 17. f4 Qf6 18. Bxb6 axb6 19. Nxe6 Rc8 20. 0-0 g6 21. Rfe1 Bg7 22. Nxg7+ Qxg7 23. Qe6 Rd8 24. Qe4 Rd7 25. Qa4 Qxb2 26. Rxd6 b5 27. Qe4 Kd8 28. Rxd7+ Kxd7 29. Qxb7+ Kd6 30. Qxe7+ Kd5 31. Qd7+ Kc4 32. Qe6+ Kc5 33. Re5+ Kd4 34. Qd5+ Kc3 35. Re3+ Kc2 36. Qd3+ Kc1 37. Re1# 1-0

[Event "Titled Tuesday intern op 06th Feb Late"]
[Site "Chess.com INT"]
[Date "2024.02.06"]
[Round "2"]
[White "Olsson, William"]
[Black "Prohorov, Olexandr"]
[Result "0-1"]
[WhiteElo "2373"]
[BlackElo "2086"]
[PlyCount "66"]
[EventDate "2024.02.06"]
[EventType "swiss (blitz)"]
[EventRounds "11"]
[EventCountry "USA"]
[SourceTitle "CB07_2024"]
[SourceDate "2024.02.14"]
[SourceVersion "1"]
[SourceVersionDate "2024.02.14"]
[SourceQuality "1"]

1. c4 g6 2. g3 Bg7 3. Bg2 f5 4. Nc3 Nf6 5. Nf3 0-0 6. 0-0 d6 7. d3 e5 8. e4 Nc6 9. Nd5 Be6 10. Ng5 Bxd5 11. cxd5 Nd4 12. Be3 Qd7 13. Bxd4 exd4 14. Ne6 Rf7 15. Rc1 c5 16. dxc6 Qxe6 17. cxb7 Rb8 18. exf5 Qxf5 19. Qb3 Qd7 20. Qc4 Rxb7 21. Bxb7 Qxb7 22. Qc8+ Bf8 23. b3 Qb5 24. Qc4 Qh5 25. Qxd4 Ng4 26. h4 Ne5 27. Qe4 Nf3+ 28. Kg2 Nd2 29. Qa8 Nxf1 30. Rxf1 Kg7 31. Re1 Qf5 32. Re2 Be7 33. Qe8 Qf3+ 0-1

[Event "Lvov Bobersky 150 ann"]
[Site "Lvov"]
[Date "2023.12.19"]
[Round "5"]
[White "Goncharenko, Rostislav"]
[Black "Prohorov, Olexandr"]
[Result "1/2-1/2"]
[WhiteElo "1672"]
[BlackElo "2086"]
[PlyCount "119"]
[EventDate "2023.12.19"]
[EventType "tourn (blitz)"]
[EventRounds "14"]
[EventCountry "UKR"]
[SourceTitle "CB52_2023"]
[SourceDate "2023.12.27"]
[SourceVersion "1"]
[SourceVersionDate "2023.12.27"]
[SourceQuality "1"]

1. d4 g6 2. c4 Bg7 3. Nc3 c5 4. e3 cxd4 5. exd4 Nf6 6. b3 d5 7. Bb2 0-0 8. Nf3 Nc6 9. cxd5 Nxd5 10. Nxd5 Qxd5 11. Bc4 Qe4+ 12. Qe2 Qxe2+ 13. Bxe2 Nb4 14. 0-0 Bf5 15. a3 Nd3 16. Bxd3 Bxd3 17. Rfe1 e6 18. Ne5 Bc2 19. b4 Rac8 20. Rac1 Bb3 21. Rxc8 Rxc8 22. Rc1 Rxc1+ 23. Bxc1 Kf8 24. f3 Ke7 25. Kf2 Ke8 26. Be3 a6 27. Ke2 f6 28. Nd3 b6 29. Kd2 Kd7 30. Kc3 Bd5 31. Nf4 Bb7 32. Ne2 Bf8 33. d5 Bxd5 34. Bxb6 Bd6 35. h3 h5 36. Bf2 e5 37. Nc1 Kc6 38. Nd3 Be6 39. Bc5 Bc7 40. Be7 f5 41. a4 e4 42. fxe4 fxe4 43. Nc5 Be5+ 44. Kd2 Bc8 45. Ke3 Kd5 46. Nxe4 Bd4+ 47. Kf3 Bd7 48. Nf6+ Bxf6 49. Bxf6 Bxa4 50. Be7 Ke5 51. Bc5 Bc6+ 52. Ke3 Kf5 53. g3 Bd7 54. Kf2 Ke4 55. Kg2 g5 56. Kh2 g4 57. h4 Kf3 58. Bd6 Bf5 59. Bc5 Bd3 60. Bd6 1/2-1/2

[Event "Lvov Bobersky 150 ann"]
[Site "Lvov"]
[Date "2023.12.19"]
[Round "9"]
[White "Medvedyk, Volodymyr"]
[Black "Prohorov, Olexandr"]
[Result "1-0"]
[WhiteElo "2138"]
[BlackElo "2086"]
[PlyCount "37"]
[EventDate "2023.12.19"]
[EventType "tourn (blitz)"]
[EventRounds "14"]
[EventCountry "UKR"]
[SourceTitle "CB52_2023"]
[SourceDate "2023.12.27"]
[SourceVersion "1"]
[SourceVersionDate "2023.12.27"]
[SourceQuality "1"]

1. c4 b6 2. Nc3 Bb7 3. e4 e6 4. Nge2 Nf6 5. d3 d5 6. cxd5 exd5 7. e5 Nfd7 8. d4 c5 9. Nf4 cxd4 10. e6 fxe6 11. Qh5+ g6 12. Nxg6 Nf6 13. Qh3 hxg6 14. Qxh8 dxc3 15. bxc3 Qc7 16. Qxf6 Bg7 17. Qxe6+ Qe7 18. Bb5+ Nd7 19. Bxd7+ 1-0

[Event "Lvov Bobersky 150 ann"]
[Site "Lvov"]
[Date "2023.12.19"]
[Round "12"]
[White "Prohorov, Olexandr"]
[Black "Goncharenko, Rostislav"]
[Result "1-0"]
[WhiteElo "2086"]
[BlackElo "1672"]
[PlyCount "61"]
[EventDate "2023.12.19"]
[EventType "tourn (blitz)"]
[EventRounds "14"]
[EventCountry "UKR"]
[SourceTitle "CB52_2023"]
[SourceDate "2023.12.27"]
[SourceVersion "1"]
[SourceVersionDate "2023.12.27"]
[SourceQuality "1"]

1. b4 e6 2. b5 Nf6 3. Bb2 g6 4. g4 h6 5. Bg2 Bg7 6. e3 0-0 7. h4 Nh7 8. Bxg7 Kxg7 9. Ne2 d5 10. Ng3 c6 11. a4 Bd7 12. Nc3 a6 13. Rb1 axb5 14. axb5 c5 15. d4 Qa5 16. Qd2 c4 17. 0-0 Nf6 18. g5 hxg5 19. hxg5 Nh7 20. e4 dxe4 21. Ngxe4 Qd8 22. Qf4 Rh8 23. Qe5+ Kg8 24. d5 exd5 25. Nxd5 Be6 26. Ndf6+ Kf8 27. Rbd1 Qe7 28. Nd7+ Kg8 29. Nxb8 Nf8 30. Nf6+ Kg7 31. Nd5+ 1-0

[Event "Speed Chess Q2 Sw"]
[Site "Chess.com INT"]
[Date "2023.08.23"]
[Round "13"]
[White "Garcia Correa, Jose Ricardo"]
[Black "Prohorov, Olexandr"]
[Result "1/2-1/2"]
[WhiteElo "2103"]
[BlackElo "2086"]
[PlyCount "38"]
[EventDate "2023.08.23"]
[EventType "swiss (blitz)"]
[EventRounds "14"]
[EventCountry "USA"]
[SourceTitle "CBM 215 Extra"]
[Source "ChessBase"]
[SourceDate "2023.09.30"]
[SourceVersion "1"]
[SourceVersionDate "2023.09.30"]
[SourceQuality "1"]

1. e4 c5 2. Nf3 e6 3. d4 cxd4 4. Nxd4 Qb6 5. Nb3 Nf6 6. Bd3 d5 7. N1d2 Nc6 8. 0-0 Be7 9. Qe2 0-0 10. c4 Nb4 11. Bb1 dxc4 12. Nxc4 Qc7 13. e5 Nfd5 14. Qe4 g6 15. Bh6 Rd8 16. Rc1 Nc6 17. Bd3 Ndb4 18. Bf1 b6 19. a3 Nd5 1/2-1/2

[Event "Speed Chess Q2 Sw"]
[Site "Chess.com INT"]
[Date "2023.08.23"]
[Round "2"]
[White "Prohorov, Olexandr"]
[Black "Asish, Panda"]
[Result "0-1"]
[WhiteElo "2086"]
[BlackElo "1731"]
[PlyCount "126"]
[EventDate "2023.08.23"]
[EventType "swiss (blitz)"]
[EventRounds "14"]
[EventCountry "USA"]
[SourceTitle "CBM 215 Extra"]
[Source "ChessBase"]
[SourceDate "2023.09.30"]
[SourceVersion "1"]
[SourceVersionDate "2023.09.30"]
[SourceQuality "1"]

1. e4 e6 2. d4 d5 3. e5 c5 4. c3 Nc6 5. Nf3 Qb6 6. Be2 Bd7 7. a3 cxd4 8. cxd4 Nge7 9. b4 Nf5 10. Bb2 Be7 11. 0-0 0-0 12. Ra2 f6 13. exf6 Bxf6 14. Ne5 Be8 15. Nxc6 Bxc6 16. Bg4 Bb5 17. Re1 Bxd4 18. Bxd4 Nxd4 19. Rd2 Nf5 20. Nc3 Bc4 21. Na4 Qc6 22. Nc5 Rae8 23. Qb1 b6 24. Nd3 Bxd3 25. Qxd3 Rf6 26. Rc2 Qd6 27. b5 Qf4 28. Bxf5 Rxf5 29. g3 Qg5 30. Rc7 Ref8 31. f4 Rxf4 32. Rxe6 Rf3 33. Qe2 Rxg3+ 34. hxg3 Qxg3+ 35. Qg2 Qxc7 36. Qxd5 Qg3+ 37. Qg2 Qxa3 38. Re2 Qc1+ 39. Kh2 Qh6+ 40. Kg1 Qf6 41. Rd2 h6 42. Re2 Qa1+ 43. Kh2 Qf6 44. Rd2 Kh8 45. Rc2 Qh4+ 46. Kg1 Rd8 47. Rc1 Qd4+ 48. Kh1 Qd5 49. Ra1 Qxg2+ 50. Kxg2 Rd2+ 51. Kf3 Rb2 52. Rxa7 Rxb5 53. Kf4 Kh7 54. Rb7 Rb1 55. Rb8 b5 56. Rb6 b4 57. Ke3 b3 58. Kd3 h5 59. Ke4 b2 60. Kd3 Rd1+ 61. Kc3 b1Q 62. Rxb1 Rxb1 63. Kd4 Re1 0-1

[Event "Speed Chess Q2 Sw"]
[Site "Chess.com INT"]
[Date "2023.08.23"]
[Round "7"]
[White "Sreyas, Payyappat"]
[Black "Prohorov, Olexandr"]
[Result "0-1"]
[WhiteElo "2075"]
[BlackElo "2086"]
[PlyCount "36"]
[EventDate "2023.08.23"]
[EventType "swiss (blitz)"]
[EventRounds "14"]
[EventCountry "USA"]
[SourceTitle "CBM 215 Extra"]
[Source "ChessBase"]
[SourceDate "2023.09.30"]
[SourceVersion "1"]
[SourceVersionDate "2023.09.30"]
[SourceQuality "1"]

1. e4 c5 2. Nf3 e6 3. d4 cxd4 4. Nxd4 Qb6 5. Nc3 Bc5 6. Na4 Qa5+ 7. c3 Bxd4 8. Qxd4 Nf6 9. f3 Nc6 10. Qd1 0-0 11. Be3 d5 12. b4 Qc7 13. Bd3 dxe4 14. fxe4 Ne5 15. 0-0 Rd8 16. Bd4 Nxd3 17. Qxd3 Ng4 18. h3 Qh2# 0-1

[Event "Speed Chess Q1 Sw"]
[Site "Chess.com INT"]
[Date "2023.08.21"]
[Round "2"]
[White "Degenbaev, Aziz"]
[Black "Prohorov, Olexandr"]
[Result "1-0"]
[WhiteElo "2242"]
[BlackElo "2086"]
[PlyCount "59"]
[EventDate "2023.08.21"]
[EventType "k.o. (blitz)"]
[EventRounds "14"]
[EventCountry "USA"]
[SourceTitle "CBM 215 Extra"]
[Source "ChessBase"]
[SourceDate "2023.09.30"]
[SourceVersion "1"]
[SourceVersionDate "2023.09.30"]
[SourceQuality "1"]

1. e4 c5 2. Nf3 e6 3. d4 cxd4 4. Nxd4 Qb6 5. Nb3 Nf6 6. Bd3 d5 7. exd5 Nxd5 8. 0-0 Nc6 9. c4 Nf6 10. Nc3 Qc7 11. Nb5 Qb8 12. Bg5 Be7 13. c5 a6 14. Bxf6 gxf6 15. Nc3 f5 16. Na4 Qc7 17. Nb6 Rb8 18. Nc4 Rg8 19. Re1 Bd7 20. Qh5 Rg5 21. Qxh7 Bf8 22. Bxf5 Rg7 23. Qh5 Qf4 24. Bxe6 Bxe6 25. Rxe6+ Kd7 26. Nb6+ Kxe6 27. Re1+ Ne5 28. g3 f6 29. Kf1 Qf5 30. Nd4+ 1-0

[Event "Speed Chess Q1 Sw"]
[Site "Chess.com INT"]
[Date "2023.08.21"]
[Round "13"]
[White "Povshednyi, Ivan"]
[Black "Prohorov, Olexandr"]
[Result "1-0"]
[WhiteElo "2223"]
[BlackElo "2086"]
[PlyCount "87"]
[EventDate "2023.08.21"]
[EventType "k.o. (blitz)"]
[EventRounds "14"]
[EventCountry "USA"]
[SourceTitle "CBM 215 Extra"]
[Source "ChessBase"]
[SourceDate "2023.09.30"]
[SourceVersion "1"]
[SourceVersionDate "2023.09.30"]
[SourceQuality "1"]

1. d4 g6 2. e4 Bg7 3. Nf3 c6 4. c3 d5 5. e5 f6 6. exf6 exf6 7. Bd3 Nh6 8. 0-0 0-0 9. a4 Bf5 10. h3 Bxd3 11. Qxd3 Qd6 12. a5 Nd7 13. Nbd2 Rfe8 14. b3 f5 15. Ba3 Qf6 16. Rfe1 Nf7 17. c4 dxc4 18. bxc4 c5 19. d5 Qc3 20. Rxe8+ Rxe8 21. Qxc3 Bxc3 22. Rb1 Nd6 23. Nb3 b6 24. Rc1 Bg7 25. Ng5 Re2 26. Ne6 Bh6 27. Ra1 Nxc4 28. Bc1 Re1+ 29. Kh2 Bxc1 30. Nxc1 b5 31. f3 Rd1 32. Kg3 Rxd5 33. Nb3 Rd3 34. Nbxc5 Nxc5 35. Nxc5 Rc3 36. Rd1 b4 37. Rd8+ Kf7 38. Rd7+ Kf6 39. Rxa7 b3 40. Nd7+ Ke6 41. a6 b2 42. Rb7 Ra3 43. Nf8+ Kd5 44. a7 1-0

[Event "Speed Chess Q1 Sw"]
[Site "Chess.com INT"]
[Date "2023.08.21"]
[Round "1"]
[White "Wagner, Dennis"]
[Black "Prohorov, Olexandr"]
[Result "1-0"]
[WhiteElo "2589"]
[BlackElo "2086"]
[PlyCount "51"]
[EventDate "2023.08.21"]
[EventType "k.o. (blitz)"]
[EventRounds "14"]
[EventCountry "USA"]
[SourceTitle "CBM 215 Extra"]
[Source "ChessBase"]
[SourceDate "2023.09.30"]
[SourceVersion "1"]
[SourceVersionDate "2023.09.30"]
[SourceQuality "1"]

1. d4 Nf6 2. Nf3 c5 3. d5 b5 4. e4 Nxe4 5. Bd3 Nd6 6. 0-0 c4 7. Be2 e6 8. Bf4 Be7 9. Nc3 a6 10. a4 b4 11. Bxd6 Bxd6 12. Ne4 Be7 13. Bxc4 Bb7 14. Re1 0-0 15. Qd3 a5 16. Rad1 Na6 17. h4 Nc5 18. Nxc5 Bxc5 19. Ng5 g6 20. Qh3 Qb6 21. Re2 Rac8 22. h5 h6 23. hxg6 fxg6 24. Qxh6 Rxf2 25. Rxf2 Bxf2+ 26. Kh1 1-0

[Event "Titled Tuesday intern op 20th Jun Late"]
[Site "Chess.com INT"]
[Date "2023.06.20"]
[Round "11"]
[White "Vargas, Mauricio"]
[Black "Prohorov, Olexandr"]
[Result "0-1"]
[WhiteElo "2035"]
[BlackElo "2086"]
[PlyCount "94"]
[EventDate "2023.06.20"]
[EventType "swiss (blitz)"]
[EventRounds "11"]
[EventCountry "USA"]
[SourceTitle "EXT 2024"]
[Source "ChessBase"]
[SourceDate "2023.10.10"]
[SourceVersion "1"]
[SourceVersionDate "2023.10.10"]
[SourceQuality "1"]

1. e4 c5 2. Nc3 Nc6 3. f4 a6 4. Nf3 b5 5. g3 Bb7 6. Nd5 e6 7. Ne3 Nf6 8. d3 d5 9. e5 Nd7 10. c3 Qc7 11. Bg2 Be7 12. 0-0 g6 13. Qe1 h5 14. h3 Rc8 15. Kh2 Qb6 16. Rf2 a5 17. Nf1 a4 18. a3 h4 19. g4 Ba8 20. g5 Rh7 21. Ne3 d4 22. Ng4 Rd8 23. Nd2 dxc3 24. bxc3 Na5 25. Bxa8 Rxa8 26. Ne4 Nb3 27. Rb1 Rc8 28. Be3 Qc6 29. Ngf6+ Nxf6 30. gxf6 Bf8 31. Ng5 Rh5 32. Rg2 c4 33. d4 Bxa3 34. Qd1 Qd5 35. Qc2 Bf8 36. Nxf7 Rf5 37. Rxg6 Qf3 38. Nd6+ Bxd6 39. exd6 Qxe3 40. Rbg1 Qxf4+ 41. Kh1 Qf3+ 42. Kh2 Kd7 43. Rg7+ Kxd6 44. f7 Qf4+ 45. Kh1 Nd2 46. Qd1 Qe4+ 47. Kh2 Nf3+ 0-1

[Event "Titled Tuesday intern op 09th May Late"]
[Site "Chess.com INT"]
[Date "2023.05.09"]
[Round "5"]
[White "James, Stuart"]
[Black "Prohorov, Olexandr"]
[Result "0-1"]
[WhiteElo "1928"]
[BlackElo "2086"]
[PlyCount "44"]
[EventDate "2023.05.09"]
[EventType "swiss (blitz)"]
[EventRounds "11"]
[EventCountry "USA"]
[SourceTitle "CBM 214 Extra"]
[Source "ChessBase"]
[SourceDate "2023.07.31"]
[SourceVersion "1"]
[SourceVersionDate "2023.07.31"]
[SourceQuality "1"]

1. e4 c5 2. Nf3 e6 3. d4 cxd4 4. Nxd4 Qb6 5. Be2 Bc5 6. c3 e5 7. Be3 exd4 8. cxd4 Bb4+ 9. Nd2 Nf6 10. 0-0 0-0 11. e5 Nd5 12. Bd3 Bxd2 13. Qxd2 d6 14. Bh6 gxh6 15. Qxh6 f5 16. exf6 Nxf6 17. Rac1 Nc6 18. d5 Ne5 19. Bxh7+ Nxh7 20. Rc3 Rf7 21. Rg3+ Kh8 22. Rc1 Bf5 0-1

[Event "Titled Tuesday intern op 25th Apr Late"]
[Site "Chess.com INT"]
[Date "2023.04.25"]
[Round "1"]
[White "Prohorov, Olexandr"]
[Black "Toniutti, Ezio"]
[Result "0-1"]
[WhiteElo "2086"]
[BlackElo "2224"]
[PlyCount "58"]
[EventDate "2023.04.25"]
[EventType "swiss (blitz)"]
[EventRounds "11"]
[EventCountry "USA"]
[SourceTitle "EXT 2024"]
[Source "ChessBase"]
[SourceDate "2023.10.10"]
[SourceVersion "1"]
[SourceVersionDate "2023.10.10"]
[SourceQuality "1"]

1. e4 e5 2. Nf3 Nc6 3. Nc3 Nf6 4. g3 d5 5. exd5 Nxd5 6. Bg2 Nxc3 7. bxc3 Bc5 8. 0-0 0-0 9. h3 e4 10. Nh2 Re8 11. d4 exd3 12. cxd3 Bb6 13. d4 Bf5 14. g4 Be4 15. f3 Bg6 16. Kh1 Kh8 17. Bf4 Qd7 18. Bg3 Re7 19. Qd2 Rae8 20. Rae1 Na5 21. f4 Nc4 22. Qc1 Bd3 23. Rg1 c5 24. d5 h5 25. f5 Be4 26. Bxe4 Rxe4 27. f6 Qxd5 28. fxg7+ Kg8 29. Rd1 Rd4+ 0-1